000 00347nam a2200133Ia 4500
008 210210b1799 xxu||||| |||| 00| 0 eng d
082 _a110/152
100 _aRELIGIOUS TRACT SOCIETY.
245 _aSchools of ancient philosophy.
260 _aLondon
_bThe Religious Tract Society
_c1799
300 _a192
690 _aPhilosophy
906 _a000945
999 _c77460
_d77460